Statistics for Countries with the most English ancestry

Click here to take the quiz!

General Stats

  • This quiz has been taken 35 times
  • The average score is 7 of 9

Answer Stats

PercentageCountry% Correct
45%Australia
100%
31%Canada
100%
7%Ireland
90%
2.6%South Africa
90%
59%New Zealand
87%
82%United Kingdom
81%
11%United States
48%
0.40%Brazil
32%
4%Chile
29%

Score Distribution

Percentile by Number Answered

Percent of People with Each Score

Your Score History

You have not taken this quiz